000 01388nam a22002777a 4500
001 8697
003 FISKH
005 20251016101316.0
008 251010b cb ||||| |||| 00| 0 eng d
040 _aFISKH
_bkhr
_cFISKH
_dFISKH
050 _aPZ7
082 _a394.26
100 _aMinistry of Education, Youth and Sport
245 _aទៅលេងបុណ្យ /
_cក្រសួងអប់រំ យុវជន និងកីឡា
260 _aPhnom Penh :
_b កិច្ចសហប្រតិបត្តិការអភិវឌ្ឍន៍ប៊ែលហ្ស៊ិក ,
_c2009.
300 _a16 pages :
_bcolor illustrations ;
_c25 cm .
505 _aF
520 _aគ្រួសារខ្មែរមួយបានទៅវត្តដើម្បីអបអរសាទរឆ្នាំថ្មីខ្មែរ និងអំពីអ្វីៗដែលកុមារចូលចិត្ត និងមិនចូលចិត្តធ្វើ។
520 _aA Khmer family go to the temple to celebrate Khmer New Year and the things the children like and don't like to do .
521 8 _a300
_bLexile
521 8 _aF
_bRaz-Plus
650 _aទៅលេងបុណ្យ
_vរឿងនីទានកុមារ
650 _a Going to the festival
_vChildren's Stories
942 _2ddc
_cKHB
_n0
999 _c8697
_d8697